000 00282nam a22001337a 4500
008 170203b xxu||||| |||| 00| 0 eng d
020 _a9781561707928
041 _aeng
080 _a61
100 _a3
101 _aSHM
245 _aHEAL YOUR BODY A-Z
_cHAY, L.L
942 _2udc
_cBK
999 _c4392
_d4392